|
|
|
|
| LEADER |
00000cam a2200000 i 4500 |
| 001 |
1/51995 |
| 008 |
941103s1987 gr | ||| |||| ||gre|| |
| 035 |
|
|
|a 1992
|c ΚΟΝΙΟΡΔΟΣ
|l 10044299
|
| 040 |
|
|
|a GR-MyUA
|b gre
|e AACR2
|
| 041 |
0 |
|
|a gre
|
| 082 |
0 |
|
|a 796.3232
|
| 100 |
1 |
|
|a Κιουμουρτζόγλου, Ευθύμης.
|
| 245 |
1 |
0 |
|a Ομαδική άμυνα στο μπάσκετ :
|b προπονητικός οδηγός /
|c Ευθύμη Κιουμουρτζόγλου.
|
| 250 |
|
|
|a 2η εκδ.
|
| 260 |
|
|
|a Θεσσαλονίκη :
|b Salto,
|c 1987.
|
| 300 |
|
|
|a 286 σ. ;
|c 24 εκ.
|
| 650 |
0 |
0 |
|a Basketball
|x Defense.
|
| 852 |
|
|
|a INST
|b SAMOS
|e 19941103
|h 796.3232 ΚΙΟ
|p 005300003916
|q 005300003916
|t BK
|y 0
|
| 909 |
|
|
|a Σ
|b 023206
|